Catalog

Record Details

Catalog Search



Courage like Kate : the true story of a girl ... Read More

Sutton, Emily,(illustrator.).

Available copies

  • 3 of 3 copies available at LARL/NWRL Consortium.
  • 2 of 2 copies available at Lake Agassiz Regional Library. (Show preferred library)

Current holds

0 current holds with 3 total copies.

Show Only Available Copies
Location Call Number / Copy Notes Barcode Shelving Location Status Due Date
Bagley Public Library E 921 MOO (Text) 33500013699293 Main Available -
Crookston Public Library E 921 MOO (Text) 33500013699285 Main Available -
Hallock Public Library e 921 MOO (Text) 35500006607160 Main Available -

Record details

  • ISBN: 9780593373408
  • ISBN: 0593373405
  • ISBN: 9780593373415
  • ISBN: 0593373413
  • Physical Description: 1 volume (unpaged) : color illustrations ; 30 cm.
  • Edition: First edition.
  • Publisher: New York : Random House Studio, [2022]

Content descriptions

Bibliography, etc. Note:
Includes bibliographical references.
Summary, etc.:
An inspiring and beautifully illustrated picture ... Read More
Subject: Moore, Kathleen -1899 > Juvenile literature.
Fayerweather Island Light (Conn.) > Juvenile literature.
Black Rock (Conn.) > Juvenile literature.
Women lighthouse keepers > United States > Juvenile literature.
Lighthouses > United States > Juvenile literature.
Genre: Biographies.
Picture books.
LDR 02838cam a2200433 i 4500
001397960
003LARL_NWRL_CONSORTIUM
00520220818150541.0
008211125s2022 nyua j b 000 0beng d
019 . ‡a1286142854 ‡a1286145915 ‡a1286299500 ‡a1286301269 ‡a1286311519
020 . ‡a9780593373408 ‡q(trade)
020 . ‡a0593373405 ‡q(trade)
020 . ‡a9780593373415 ‡q(lib. bdg.)
020 . ‡a0593373413 ‡q(lib. bdg.)
035 . ‡a(OCoLC)1286313852
040 . ‡aYDX ‡beng ‡erda ‡cYDX ‡dBDX ‡dUKMGB ‡dPX0 ‡dRNL
043 . ‡an-us---
08204. ‡a387.1/55/092273 ‡aB ‡223
1001 . ‡aRedding, Anna Crowley, ‡eauthor.
24510. ‡aCourage like Kate : ‡bthe true story of a girl lighthouse keeper / ‡cwritten by Anna Crowley Redding ; illustrated by Emily Sutton.
250 . ‡aFirst edition.
264 1. ‡aNew York : ‡bRandom House Studio, ‡c[2022]
264 4. ‡c©2022.
300 . ‡a1 volume (unpaged) : ‡bcolor illustrations ; ‡c30 cm.
336 . ‡atext ‡btxt ‡2rdacontent
336 . ‡astill image ‡bsti ‡2rdacontent
337 . ‡aunmediated ‡bn ‡2rdamedia
338 . ‡avolume ‡bnc ‡2rdacarrier
504 . ‡aIncludes bibliographical references.
520 . ‡aAn inspiring and beautifully illustrated picture book biography based on the life of Kate Moore, a twelve-year-old lighthouse keeper in the 19th century who saved the lives of twenty-three sailors. With an evocative text and stunning illustrations, travel back to the stormy, rocky shores of 19th century Connecticut and meet an unforgettable heroine--at a time when girls were considered anything but. Fayerweather Island had seen blustery blizzards and rip-roaring tides, but it had never seen a pint-sized hurricane until Kate Moore claimed that tiny island as her own. Little Kate was supposed to be the lighthouse keeper's daughter, but she thought of herself as Papa's assistant. The thirty-three spiraling lighthouse stairs finally took a toll on Papa's body, and so twelve-year-old Kate stepped up. Over the years, she kept the flame lit to guide ships to safety, listened for cries for help, and, time and again, pulled men to safety--twenty-three of them in all. At the age of forty-seven, Kate received word--she had been named the official lighthouse keeper of Fayerweather Island. This girl-power picture book introduces a small heroine, who, with her can-do attitude and incredible spirit, is sure to inspire.
60010. ‡aMoore, Kathleen ‡d-1899 ‡vJuvenile literature.
61020. ‡aFayerweather Island Light (Conn.) ‡vJuvenile literature.
651 0. ‡aBlack Rock (Conn.) ‡vJuvenile literature.
650 0. ‡aWomen lighthouse keepers ‡zUnited States ‡vJuvenile literature.
650 0. ‡aLighthouses ‡zUnited States ‡vJuvenile literature.
655 7. ‡aBiographies. ‡2lcgft
655 7. ‡aPicture books. ‡2lcgft
7001 . ‡aSutton, Emily, ‡eillustrator.
901 . ‡a397960 ‡b ‡c397960 ‡tbiblio

Additional Resources